Central Library OPAC University of Rajshahi

Caste in question : (Record no. 47057)

MARC details
000 -LEADER
fixed length control field 01065cam a2200313 a 4500
001 - CONTROL NUMBER
control field 47057
003 - CONTROL NUMBER IDENTIFIER
rucl marc code BD-RjUL
005 - DATE AND TIME OF LATEST TRANSACTION
control field 20211209054243.0
008 - FIXED-LENGTH DATA ELEMENTS--GENERAL INFORMATION
fixed length control field 1608 s2004 ii b 001 0 eng
020 ## - INTERNATIONAL STANDARD BOOK NUMBER
International Standard Book Number 0761933247 (hb)
International Standard Book Number 8178294419 (India : hb)
035 ## - SYSTEM CONTROL NUMBER
System control number (BD-RjUL)47176
040 ## - CATALOGING SOURCE
Original cataloging agency DLC
Transcribing agency DLC
Modifying agency DLC
Language of cataloging eng
041 ## - LANGUAGE CODE
Language code of text/sound track or separate title eng
082 00 - DEWEY DECIMAL CLASSIFICATION NUMBER
Classification number 305.5122
Edition number 23
Author mark and year CAS 2004
245 00 - TITLE STATEMENT
Title Caste in question :
Remainder of title identity or hierarchy? /
Statement of responsibility, etc. edited by Dipankar Gupta.
260 ## - PUBLICATION, DISTRIBUTION, ETC. (IMPRINT)
Place of publication, distribution, etc. New Delhi ;
-- Thousand Oaks, Calif. :
Name of publisher, distributor, etc. Sage Publications,
Date of publication, distribution, etc. c2004.
300 ## - PHYSICAL DESCRIPTION
Pagination xxi, 255 p. ;
Size 23 cm.
504 ## - BIBLIOGRAPHY, ETC. NOTE
Bibliography, etc Includes bibliographical references and index.
650 #0 - SUBJECT ADDED ENTRY--TOPICAL TERM
Topical term or geographic name as entry element Caste.
9 (RLIN) 143315
Topical term or geographic name as entry element Social classes
Geographic subdivision India.
9 (RLIN) 143298
Topical term or geographic name as entry element Group identity
Geographic subdivision India.
9 (RLIN) 143316
Topical term or geographic name as entry element Social structure
Geographic subdivision India.
9 (RLIN) 143317
Topical term or geographic name as entry element Social stratification
Geographic subdivision India.
9 (RLIN) 143318
700 1# - ADDED ENTRY--PERSONAL NAME
Personal name Gupta, Dipankar,
Dates associated with a name 1949-
942 ## - ADDED ENTRY ELEMENTS (KOHA)
Source of classification or shelving scheme Dewey Decimal Classification
Koha item type Books
Holdings
Lost status Source of classification or shelving scheme Damaged status Not for loan Collection code Permanent Location Current Location Shelving location Date acquired Source of acquisition Cost, normal purchase price Total Checkouts Full call number Date last seen Copy number Koha item type
  Dewey Decimal Classification     Non-fiction Central Library, University of Rajshahi Central Library, University of Rajshahi   10/08/2006 Pragon Enterprize ltd. 480.00   305.5122 CAS 2004 06/08/2016 C-2 Books
  Dewey Decimal Classification   Not For Loan Non-fiction Central Library, University of Rajshahi Central Library, University of Rajshahi Reading Room 10/08/2006 Paragon Enterprises Dhaka 480.00   305.5122 CAS 2004 11/12/2016 C-1 Books